Presente y futuro de los derechos humanos: ensayos en honor a Fernando Volio Jiménez (Registro nro. 10)
[ vista simple ]
| 000 -Cabecera | |
|---|---|
| Campo de control de longitud fija | 00836aam a2200289 4500 |
| 005 - Fecha y hora de la última transacción | |
| Campo de control | 20250701165226.0 |
| 008 - Elementos de longitud fija--Información general | |
| Campo de control de longitud fija | 150511b1998 xxu||||| |||| 00| 0 spa d |
| 020 ## - International Standard Book Number | |
| Número Internacional Estándar del Libro (ISBN) | 9968778125 |
| 041 ## - Idioma | |
| Código de idioma | Español |
| 082 ## - Clasificación Decimal Dewey | |
| Número de clasificación | 323 I59p |
| 100 ## - Entrada principal--Autor personal | |
| Nombre personal | Instituto Interamericano de Derechos Humanos |
| 9 (RLIN) | 12326 |
| 245 ## - Título propiamente dicho | |
| Título | Presente y futuro de los derechos humanos: ensayos en honor a Fernando Volio Jiménez |
| 260 ## - Pie de imprenta | |
| Lugar de publicación, distribución, etc. | Costa Rica |
| 260 ## - Pie de imprenta | |
| Nombre del editor, distribuidor, etc. | Instituto Interamericano de Derechos Humanos |
| 260 ## - Pie de imprenta | |
| Fecha de publicación, distribución, etc. | 1998 |
| 300 ## - Descripción física | |
| Extensión | 474 páginas |
| 490 ## - Serie | |
| Título de la Serie | Investigación Criminal |
| 650 ## - Materia general | |
| Temática (materia general) | DERECHOS HUMANOS |
| 650 ## - Materia general | |
| Temática (materia general) | TEORIA |
| 650 ## - Materia general | |
| Temática (materia general) | DERECHOS SOCIALES |
| 650 ## - Materia general | |
| Temática (materia general) | DERECHOS CULTURALES |
| 650 ## - Materia general | |
| Temática (materia general) | DERECHOS ECONOMICOS |
| 650 ## - Materia general | |
| Temática (materia general) | DEMOCRACIA |
| 650 ## - Materia general | |
| Temática (materia general) | AMERICA LATINA |
| 650 ## - Materia general | |
| Temática (materia general) | VOLIO JIMENEZ, FERNANDO |
| 942 ## - Punto de acceso adicional KOHA | |
| Tipo de ítem KOHA | Libro |
| Fuente del sistema de clasificación o colocación | Dewey Decimal Classification |
| Signatura completa | Código de barras | Programa Académico | Tipo de ítem |
|---|---|---|---|
| 323 I59p | 3166 | Investigación Criminal | Libro |